| 000 | 01232nam a22003017a 4500 | ||
|---|---|---|---|
| 001 | 5283 | ||
| 003 | FISKH | ||
| 005 | 20241122145339.0 | ||
| 008 | 241122b cb ||||| |||| 00| 0 eng d | ||
| 020 | _a9780747262770 | ||
| 040 |
_aFISKH _beng _cFISKH _dFISKH |
||
| 050 | _aDU122.Y8 | ||
| 082 | _a994.05092 | ||
| 100 | _aGaita, Raimond | ||
| 245 |
_aRomulus, My Father / _cby Raimond Gaita |
||
| 250 | _aFirst published in 1998 | ||
| 260 |
_aLondon : _bHeadline Book Publishing ; _c1998 . |
||
| 300 |
_a215 pages : _billustrations ; _c20 cm . |
||
| 505 | _aS | ||
| 520 | _aRomulus Gaita fled Yugoslavia aged thirteen, and came to Australia with his wife and their son soon after World War II. Tragic events were to overtake the boy's life, but Raimond Gaita has an extraordinary and moving tale to tell of growing up with his father in country Victoria. Romulus, My Father is the much-loved story of how a compassionate, honest man taught his son the meaning of living a decent life. | ||
| 521 | 8 |
_a790
_bLexile estimate |
|
| 521 | 8 |
_aS
_bRaz-Plus |
|
| 650 |
_a Australian _vNon-fiction |
||
| 650 |
_aautobiography _vNon-fiction |
||
| 700 |
_aChong, W. H. _edesigner |
||
| 942 |
_2ddc _cBK _n0 |
||
| 999 |
_c5283 _d5283 |
||